| 000 | 00568nam a2200193 a 4500 | ||
|---|---|---|---|
| 003 | PILC | ||
| 005 | 20150112093439.0 | ||
| 008 | 100722s19uu xx 00 eng d | ||
| 020 | _a0273701789 | ||
| 050 |
_aHD 30.28 _b.L92 2006 |
||
| 082 |
_aMnSFr 658.401 _bL92 2006 |
||
| 100 |
_aLynch, Richard _917282 |
||
| 245 |
_aCorporate strategy / _cRichard Lynch |
||
| 250 | _a4th ed. | ||
| 260 |
_aHarlow, England : _bPearson Education Limited, _c2006. |
||
| 300 |
_a834 pages : _c24 cm. _bcolored illustration ; |
||
| 650 |
_aManagement strategy _916728 |
||
| 942 |
_2lcc _cBK |
||
| 999 |
_c14672 _d14672 |
||